[Event "ITA-chT (Women)"]
[Site "Bacoli"]
[Date "2023.05.01"]
[Round "7.3"]
[White "Scarpa, Alessandra"]
[Black "Buffa, Elena"]
[Result "1-0"]
[WhiteElo "1803"]
[BlackElo "1629"]
[PlyCount "93"]
[EventDate "2023.04.25"]
[EventType "team-tourn"]
[EventRounds "7"]
[EventCountry "ITA"]
[SourceTitle "CBM 214 Extra"]
[Source "ChessBase"]
[SourceDate "2023.07.31"]
[SourceVersion "1"]
[SourceVersionDate "2023.07.31"]
[SourceQuality "1"]

1. d4 d6 2. Nf3 Nf6 3. Bf4 g6 4. e3 Bg7 5. h3 c5 6. c3 0-0 7. Be2 Bf5 8. Nbd2 Nc6 9. 0-0 Re8 10. Bb5 a6 11. Bxc6 bxc6 12. dxc5 dxc5 13. Ne5 Qb6 14. Qb3 Qxb3 15. Nxb3 c4 16. Nd4 Nd7 17. Ndxc6 Nxe5 18. Nxe5 f6 19. Nxc4 Bd3 20. Nb6 Rad8 21. Rfd1 e5 22. Bg3 Be2 23. Rxd8 Rxd8 24. c4 Rd2 25. Rc1 Rxb2 26. c5 a5 27. a4 Kf7 28. Nd5 Rd2 29. Nc3 Ba6 30. Nb5 Bf8 31. c6 Rd8 32. c7 Re8 33. Rc6 Bc8 34. f4 Bd7 35. Ra6 Bc5 36. Bf2 exf4 37. e4 Bxf2+ 38. Kxf2 Ke7 39. Rxa5 Bxb5 40. Rxb5 Kd7 41. Rb8 Rc8 42. Rxc8 Kxc8 43. Kf3 Kxc7 44. Kxf4 Kb6 45. e5 fxe5+ 46. Kxe5 Ka5 47. Kf6 1-0